000 00232nam a2200085Ia 4500
245 0 _aAccessing information
100 _a Pulver, Beth A. Harlow, Essex, 2009
_981530
942 _cBK
008 210817s9999 xx 000 0 und d
999 _c290776
_d290773